00304nam a2200109Ia 4500008004100000100002800041245003800069260002900107650003600136942000700172999001500179190216s9999||||xx |||||||||||||| ||und|| a"Wood.H,Kanan.W,Bull.E" 0aFundamentals Of College Chemistry bHarper International Std aChemistry & Allied Sciences cBK c1939d1939